000
00168nam a2200073Ia 4500
008
170523s9999 xx 000 0 und d
100
_a
NORTON- PETER
245
0
_a
INTRODUCTION TO COMPUTER
260
_a
0
999
_c
10933
_d
10933